00273nam a2200121Ia 4500008004100000082001700041100001900058245001900077250000800096260002300104300000800127650001600135191201s2008 xx 000 0 und d a005.131bMOD aMORRIS Mano, M 0aDigital Design a3rd aN.DelhibPHIc2008 a516 aB.Tech(ECE)